Hotel management: Educational and environmental aspects (Record no. 135791)

MARC details
000 -LEADER
fixed length control field 00395nam a2200145Ia 4500
008 - FIXED-LENGTH DATA ELEMENTS--GENERAL INFORMATION
fixed length control field 230917s9999||||xx |||||||||||||| ||und||
040 ## - CATALOGING SOURCE
-- 160225
Original cataloging agency VIVEKANANDA LIBRARY
041 ## - Language
-- English
082 ## - DDC NUMBER
Classification number 647.94 S23H
100 ## - MAIN ENTRY--PERSONAL NAME
Personal name Sharma, Yogendra K
245 #0 - TITLE STATEMENT
Title Hotel management: Educational and environmental aspects
260 ## - PUBLICATION, DISTRIBUTION, ETC. (IMPRINT)
Place of publication, distribution, etc New Delhi
Name of publisher, distributor, etc Kanishka Publications
Date of publication, distribution, etc 2004
300 ## - PHYSICAL DESCRIPTION
Pages 402 p.
942 ## - ADDED ENTRY ELEMENTS (KOHA)
Koha item type Books
Holdings
Withdrawn status Lost status Damaged status Not for loan Location (home branch) Sublocation or collection (holding branch) Shelving location Date acquired Koha issues (times borrowed) Koha full call number Accession No. Koha date last seen Koha item type
        VIVEKANANDA LIBRARY VIVEKANANDA LIBRARY IHTM Library 16/08/2010   647.94 S23H 236204 17/09/2023 Books
        VIVEKANANDA LIBRARY VIVEKANANDA LIBRARY IHTM Library 16/08/2010 1 647.94 S23H 277689 14/10/2023 Books
        VIVEKANANDA LIBRARY VIVEKANANDA LIBRARY IHTM Library 16/08/2010 1 647.94 S23H 277690 14/10/2023 Books
        VIVEKANANDA LIBRARY VIVEKANANDA LIBRARY IHTM Library 16/08/2010   647.94 S23H 277691 17/09/2023 Books
        VIVEKANANDA LIBRARY VIVEKANANDA LIBRARY IHTM Library 16/08/2010   647.94 S23H 303218 17/09/2023 Books
        VIVEKANANDA LIBRARY VIVEKANANDA LIBRARY IHTM Library 16/08/2010   647.94 S23H 303219 17/09/2023 Books
        VIVEKANANDA LIBRARY VIVEKANANDA LIBRARY IHTM Library 16/08/2010   647.94 S23H 303220 17/09/2023 Books
        VIVEKANANDA LIBRARY VIVEKANANDA LIBRARY IHTM Library 16/08/2010 1 647.94 S23H 303221 08/04/2024 Books
        VIVEKANANDA LIBRARY VIVEKANANDA LIBRARY IHTM Library 16/08/2010   647.94 S23H 303222 17/09/2023 Books
        VIVEKANANDA LIBRARY VIVEKANANDA LIBRARY IHTM Library 16/08/2010   647.94 S23H 367136 17/09/2023 Books
        VIVEKANANDA LIBRARY VIVEKANANDA LIBRARY IHTM Library 16/08/2010   647.94 S23H 367137 17/09/2023 Books
        VIVEKANANDA LIBRARY VIVEKANANDA LIBRARY IHTM Library 16/08/2010   647.94 S23H 367138 17/09/2023 Books
        VIVEKANANDA LIBRARY VIVEKANANDA LIBRARY IHTM Library 16/08/2010   647.94 S23H 367139 17/09/2023 Books
        VIVEKANANDA LIBRARY VIVEKANANDA LIBRARY IHTM Library 16/08/2010   647.94 S23H 367140 17/09/2023 Books
© Designed and Maintained by Vivekananda Library, MDU Rohtak